Taking charge of curriculum : teacher networks and curriculum implementation /

Bibliographic Details
Main Author: Adams, Jacob E.
Corporate Author: NetLibrary, Inc
Format: eBook
Language:English
Published: New York : Teachers College Press, [2000]
Series:Series on school reform.
Subjects:
Online Access:Connect to the full text of this electronic book

MARC

Tag First Indicator Second Indicator Subfields
LEADER 00000cam a2200000La 4500
001 in00001752182
005 20220105110305.0
006 m u
007 cr cn---------
008 010822s2000 nyu sb 001 0 eng d
020 |a 0585378320 (electronic bk.) 
035 |a (OCoLC)ocm48138374 
040 |a N$T  |c N$T  |d OCLCQ  |d UtOrBLW 
043 |a n-us--- 
049 |a IICA 
050 1 4 |a LB2806.15  |b . A35 2000eb 
082 0 4 |a 375/.001/0973  |2 21 
100 1 |a Adams, Jacob E.  |0 http://id.loc.gov/authorities/names/n00084224 
245 1 0 |a Taking charge of curriculum :  |b teacher networks and curriculum implementation /  |c Jacob E. Adams, Jr. ; foreword by Ann Lieberman. 
264 1 |a New York :  |b Teachers College Press,  |c [2000] 
264 4 |c ©2000 
300 |a xi, 227 pages ;  |c 24 cm. 
336 |a text  |b txt  |2 rdacontent 
337 |a computer  |b c  |2 rdamedia 
338 |a online resource  |b cr  |2 rdacarrier 
490 1 |a The series on school reform 
504 |a Includes bibliographical references (pages 203-211) and index. 
533 |a Electronic reproduction.  |b Boulder, Colo. :  |c NetLibrary,  |d 2001.  |n Available via World Wide Web.  |n Access may be limited to NetLibrary affiliated libraries. 
500 |a Electronic resource. 
650 0 |a Curriculum planning  |z United States.  |0 http://id.loc.gov/authorities/subjects/sh2008100379 
650 0 |a Curriculum change  |z United States.  |0 http://id.loc.gov/authorities/subjects/sh2008101937 
650 0 |a Teachers  |x Social networks  |z United States. 
655 7 |a Electronic books.  |2 local 
710 2 |a NetLibrary, Inc.  |0 http://id.loc.gov/authorities/names/no99080690 
776 1 |c Original  |z 0807739499  |w (DLC) 00021191  |w (OCoLC)43296612 
830 0 |a Series on school reform.  |0 http://id.loc.gov/authorities/names/n94077282 
856 4 1 |u https://proxy.library.tamu.edu/login?url=http://www.netLibrary.com/urlapi.asp?action=summary&v=1&bookid=56178  |z Connect to the full text of this electronic book  |t 0 
994 |a X0  |b IIC 
999 |a MARS 
999 f f |s cf0eba03-13a6-30a6-9e09-72d2347e5a1f  |i 6445b4cf-c44d-311b-aa83-34f10fc4a798  |t 0 
952 f f |a Texas A&M University  |b College Station  |c Electronic Resources  |d Available Online  |t 0  |e LB2806.15 . A35 2000eb  |h Library of Congress classification 
998 f f |a LB2806.15 . A35 2000eb  |t 0  |l Available Online